Bars on 6th Street, Austin, TX Quiz Stats

Quiz not verified by Sporcle

Challenge
Share
Tweet
Embed
Score 0/0 Timer 00:00
0 Plays Today
% Correct
Maggie Mae's
57.5%
Blind Pig
52.5%
Pure
52.5%
Library
52.5%
Cheers
50%
Thirsty Nickel
42.5%
Shakespeare's
42.5%
Peckerheads
42.5%
Jackalope
42.5%
Aquarium
37.5%
Paradise
35%
Coyote Ugly
32.5%
Rooftop
32.5%
Buffalo Billiards
30%
Dizzy Rooster
30%
Mooseknuckle
30%
512
30%
The Lodge
27.5%
Chugin Monkey
25%
Iron Cactus
25%
Barcelona
22.5%
% Correct
Toulouse
22.5%
Pete's Piano Bar
20%
Treasure Island
20%
Logan's
17.5%
Malaia
17.5%
Latitude
15%
Soho Lounge
12.5%
Friends
12.5%
Vice
12.5%
Touche
12.5%
The Parish
10%
B.D. Riley's
10%
Spilz
2.5%
Ace's Lounge
0%
Daddy's
0%
Roux
0%
Mekong River
0%
Agave
0%
Wave
0%
Bayou Lounge
0%
Bourbon Rocks
0%

You're not logged in!

Compare scores with friends on all Sporcle quizzes.
Sign Up with Email
OR
Log In

You Might Also Like...

Show Comments

Extras

Top Quizzes Today


Score Distribution

Your Account Isn't Verified!

In order to create a playlist on Sporcle, you need to verify the email address you used during registration. Go to your Sporcle Settings to finish the process.

Report this User

Report this user for behavior that violates our Community Guidelines.

Details: